Aspectos del ecumenismo / (Record no. 188593)
[ view plain ]
| 000 -LEADER | |
|---|---|
| campo de control de longitud fija | 00702nam a2200205 i 4500 |
| 001 - NÚMERO DE CONTROL | |
| campo de control | 188593 |
| 003 - IDENTIFICADOR DE NÚMERO DE CONTROL | |
| campo de control | ES-MaACL |
| 005 - FECHA Y HORA DE LA ÚLTIMA TRANSACCIÓN | |
| campo de control | 20251003063204.0 |
| 008 - DATOS DE LONGITUD FIJA--INFORMACIÓN GENERAL | |
| campo de control de longitud fija | 190103s1965 sp |||| | spa d |
| 100 1# - ENTRADA PRINCIPAL--NOMBRE DE PERSONA | |
| Nombre de persona | Congar, Yves, |
| Fechas asociadas al nombre | 1904-1995 |
| 9 (RLIN) | 40170 |
| 245 13 - MENCIÓN DEL TÍTULO | |
| Título | Aspectos del ecumenismo / |
| Mención de responsabilidad, etc. | Yves M. J. Congar ; traductor Luis Lopez del Castillo. |
| 260 ## - PUBLICACIÓN, DISTRIBUCIÓN, ETC. | |
| Lugar de publicación, distribución, etc. | Barcelona : |
| Nombre del editor, distribuidor, etc. | Estela, |
| Fecha de publicación, distribución, etc. | 1965. |
| 300 ## - DESCRIPCIÓN FÍSICA | |
| Extensión | 129 p. ; |
| Dimensiones | 20 cm. |
| 490 1# - MENCIÓN DE SERIE | |
| Mención de serie | Colección "Concilio Vaticano II" ; |
| Designación de volumen o secuencia | 11 |
| 650 04 - PUNTO DE ACCESO ADICIONAL DE MATERIA--TÉRMINO DE MATERIA | |
| Término de materia o nombre geográfico como elemento de entrada | Ecumenismo. |
| 9 (RLIN) | 12045 |
| 700 1# - ENTRADA AGREGADA--NOMBRE PERSONAL | |
| Nombre de persona | López del Castillo, Lluís, |
| Fechas asociadas al nombre | 1938- |
| 9 (RLIN) | 73603 |
| 830 0# - PUNTO DE ACCESO ADICIONAL DE SERIE-TÍTULO UNIFORME | |
| Título uniforme | Colección "Concilio Vaticano II" ; |
| Designación de volumen o secuencia | 11 |
| 9 (RLIN) | 193111 |
| 852 ## - LOCALIZACIÓN | |
| Ubicación | ES-MaACL |
| Número de control de estantería | P-203-Ter-10 |
| Estatus retirado | Estado de pérdida | Estado de daño | No para préstamo | Biblioteca de origen | Biblioteca actual | Ubicación en estantería | Fecha de adquisición | Fuente de adquisición | Total de préstamos | Signatura topográfica completa | Código de barras | Visto por última vez | Precio de reemplazo | Tipo de ítem Koha |
|---|---|---|---|---|---|---|---|---|---|---|---|---|---|---|
| Biblioteca del Ateneo de Madrid | Biblioteca del Ateneo de Madrid | Depósito 2 | 03/01/2019 | P-203-Ter-10 | 1199533 | 23/02/2023 | 23/02/2023 | Libro impreso |
